000 00451nam a22001697a 4500
003 CEME
005 20210628202506.0
008 210208b xxu||||| |||| 00| 0 eng d
040 _c.
082 _a940.3. GIL
100 _aGilbert, Martin
_947032
245 _aAtlas of world war-i, the complete history
260 _aRAWALPINDI
_bARMY EDUCATION PUBLISHING HOUSE
_c2002
300 _aXXXII,164P
650 _aWORLD WAR-I
_960131
942 _cBK
_2ddc
999 _c569940
_d569940